Marki samochodów strażackich w OSP Odrzykoń - Statystyki

Ogólne statystyki
  • Ten quiz został rozwiązany 51 razy
  • Średni wynik to 2 z 5
Statystyki odpowiedzi
Marka % Poprawnych
Man
90%
Iveco
64%
Żuk
24%
Nissan
19%
Dodge
14%
Nie znaleziono quizów pasujących do podanych kryteriów
Rozkład punktacji
Procent ludzi z każdym wynikiem
Percentyl według liczby udzielonych odpowiedzi
Twoja historia wyników
Nie rozwiązałeś tego quizu